000 00192nam a22000857a 4500
008 170626b xxu||||| |||| 00| 0 eng d
100 _93682
_aMalik. K
245 _aSelected letters
260 _aDelhi
999 _c7098
_d7098